| 000 | 00403nam a2200169Ia 4500 | ||
|---|---|---|---|
| 005 | 20140402112145.0 | ||
| 008 | 140130s9999 xx 000 0 und d | ||
| 050 |
_aGV 994 _b.G984 2001 |
||
| 245 |
_cBill Gutman _aVenus & Serena |
||
| 260 |
_bScholastic, _c2001 |
||
| 300 |
_a103 p. : _bill. ; _c21 cm. |
||
| 440 |
_v1 _931174 |
||
| 521 | _aG6 | ||
| 526 | _c840 | ||
| 942 |
_cBK _2lcc |
||
| 999 |
_c41219 _d41219 |
||